[Event "Titled Tuesday intern op 18th Mar Late"]
[Site "Chess.com INT"]
[Date "2025.03.18"]
[Round "1"]
[White "Fudalej, Michal"]
[Black "Kutowski, Marcel"]
[Result "0-1"]
[WhiteElo "2188"]
[BlackElo "2258"]
[PlyCount "86"]
[EventDate "2025.03.18"]
[EventType "swiss (blitz)"]
[EventRounds "11"]
[EventCountry "USA"]
[SourceTitle "CB13_2025"]
[SourceDate "2025.03.26"]
[SourceVersion "1"]
[SourceVersionDate "2025.03.26"]
[SourceQuality "1"]

1. Nf3 d5 2. g3 Nf6 3. Bg2 Bf5 4. b3 e6 5. Bb2 h6 6. d3 Be7 7. Nbd2 0-0 8. 0-0 a5 9. a3 c6 10. Qe1 Bh7 11. e4 Nbd7 12. Qe2 Qb6 13. e5 Ne8 14. Kh1 a4 15. b4 c5 16. c3 Nc7 17. Ra2 Qa6 18. c4 cxb4 19. axb4 Bxb4 20. Rfa1 Qb6 21. Rxa4 Rxa4 22. Rxa4 Nc5 23. Bd4 Bxd2 24. Nxd2 Qc6 25. Bxc5 Qxc5 26. Nb3 Qb6 27. Qa2 Bxd3 28. c5 Qb5 29. Ra5 Qd7 30. Nd4 Bc4 31. Qb2 Na6 32. Qb6 Rc8 33. c6 bxc6 34. Rxa6 Bxa6 35. Qxa6 c5 36. Nb5 c4 37. Nd4 c3 38. Nc2 d4 39. Be4 Rd8 40. Bd3 Qd5+ 41. Kg1 Qf3 42. Qc4 Qd1+ 43. Kg2 Qd2 0-1

[Event "Titled Tuesday intern op 07th Jan Early"]
[Site "Chess.com INT"]
[Date "2025.01.07"]
[Round "3"]
[White "Fudalej, Michal"]
[Black "Tan, Ralph"]
[Result "0-1"]
[WhiteElo "2188"]
[BlackElo "2037"]
[PlyCount "46"]
[EventDate "2025.01.07"]
[EventType "swiss (blitz)"]
[EventRounds "11"]
[EventCountry "USA"]
[SourceTitle "CB03_2025"]
[SourceDate "2025.01.15"]
[SourceVersion "1"]
[SourceVersionDate "2025.01.15"]
[SourceQuality "1"]

1. Nf3 Nf6 2. g3 d5 3. Bg2 e6 4. c4 Be7 5. b3 0-0 6. Bb2 Nbd7 7. 0-0 b6 8. e3 Bb7 9. Nc3 c5 10. cxd5 exd5 11. d4 Rc8 12. Rc1 a6 13. Qd3 c4 14. bxc4 dxc4 15. Qf5 b5 16. Rfd1 b4 17. Na4 Be4 18. Qf4 c3 19. Ba1 Qa5 20. Nc5 Bxc5 21. dxc5 Nxc5 22. Rd4 Nd3 23. Rxd3 Bxd3 0-1

[Event "Titled Tuesday intern op 17th Sep Early"]
[Site "Chess,com INT"]
[Date "2024.09.17"]
[Round "5"]
[White "Ghosh, Chanchal Kumer"]
[Black "Fudalej, Michal"]
[Result "0-1"]
[WhiteElo "2025"]
[BlackElo "2188"]
[PlyCount "130"]
[EventDate "2024.09.17"]
[EventType "swiss (blitz)"]
[EventRounds "11"]
[EventCountry "USA"]
[SourceTitle "EXT 2025"]
[Source "ChessBase"]
[SourceDate "2024.10.14"]
[SourceVersion "1"]
[SourceVersionDate "2024.10.14"]
[SourceQuality "1"]

1. e4 c6 2. Nf3 d5 3. Nc3 Bg4 4. exd5 cxd5 5. d4 Nc6 6. Bb5 Rc8 7. 0-0 e6 8. Qd3 Bd6 9. Ne5 Bh5 10. Re1 Nf6 11. Bg5 Bg6 12. Nxg6 hxg6 13. h3 0-0 14. Rad1 a6 15. Bxc6 Rxc6 16. a3 b5 17. Re2 Bb8 18. g3 Qb6 19. Bxf6 gxf6 20. Qf3 Kg7 21. h4 Rc4 22. Qe3 Rh8 23. Rdd2 a5 24. Nd1 b4 25. axb4 axb4 26. Qd3 Ba7 27. c3 Rhc8 28. Ne3 R4c7 29. Rc2 bxc3 30. bxc3 Qb3 31. Nd1 Rc4 32. h5 Qb6 33. hxg6 fxg6 34. Ne3 R4c6 35. Ng4 Bb8 36. Qe3 Rh8 37. Qf3 Qd8 38. Re3 Qe7 39. Rce2 Rh5 40. Kg2 Rf5 41. Ne5 fxe5 42. Qg4 e4 43. f3 exf3+ 44. Rxf3 Rxf3 45. Qxf3 Qf6 46. Qe3 Bd6 47. Rf2 Qe7 48. Qf3 Rc8 49. Qg4 Rf8 50. Re2 Rf5 51. Qh3 Qf6 52. Qg4 Rg5 53. Qh3 Rxg3+ 54. Qxg3 Bxg3 55. Kxg3 Qg5+ 56. Kf3 Qf5+ 57. Ke3 Qh3+ 58. Kd2 Kf6 59. Rf2+ Ke7 60. Re2 g5 61. Re5 g4 62. Kc2 g3 63. Kb3 g2 64. Rg5 Qh2 65. Rg7+ Kd6 0-1

[Event "Titled Tuesday intern op 20th Aug Early"]
[Site "Chess.com INT"]
[Date "2024.08.20"]
[Round "5"]
[White "Aalto, Patrik"]
[Black "Fudalej, Michal"]
[Result "0-1"]
[WhiteElo "2282"]
[BlackElo "2188"]
[PlyCount "64"]
[EventDate "2024.08.20"]
[EventType "swiss (blitz)"]
[EventRounds "11"]
[EventCountry "USA"]
[SourceTitle "EXT 2025"]
[Source "ChessBase"]
[SourceDate "2024.10.14"]
[SourceVersion "1"]
[SourceVersionDate "2024.10.14"]
[SourceQuality "1"]

1. c4 e5 2. g3 Nc6 3. Bg2 g6 4. Nc3 Bg7 5. Rb1 a5 6. a3 d6 7. b4 axb4 8. axb4 Be6 9. d3 Qd7 10. Nf3 Bh3 11. Bxh3 Qxh3 12. b5 Nd8 13. Nd5 Ne6 14. Ng5 Qg2 15. Nxe6 Qxh1+ 16. Kd2 Ra2+ 17. Rb2 Rxb2+ 18. Bxb2 Qxd1+ 19. Kxd1 fxe6 20. Nxc7+ Kd7 21. b6 Ne7 22. Ba3 Nc8 23. Nb5 Bf8 24. f4 exf4 25. Bb2 Rg8 26. gxf4 Nxb6 27. Bd4 Nc8 28. e4 Bg7 29. Be3 Rf8 30. d4 Bh6 31. d5 exd5 32. cxd5 Bxf4 0-1

[Event "Titled Tuesday intern op 20th Aug Early"]
[Site "Chess.com INT"]
[Date "2024.08.20"]
[Round "4"]
[White "Fudalej, Michal"]
[Black "Jammalamadaka, Vihaan"]
[Result "0-1"]
[WhiteElo "2188"]
[BlackElo "1919"]
[PlyCount "152"]
[EventDate "2024.08.20"]
[EventType "swiss (blitz)"]
[EventRounds "11"]
[EventCountry "USA"]
[SourceTitle "EXT 2025"]
[Source "ChessBase"]
[SourceDate "2024.10.14"]
[SourceVersion "1"]
[SourceVersionDate "2024.10.14"]
[SourceQuality "1"]

1. Nf3 c5 2. c4 Nc6 3. Nc3 g6 4. g3 Bg7 5. Bg2 e6 6. 0-0 Nge7 7. b3 0-0 8. Bb2 d5 9. e3 d4 10. exd4 cxd4 11. Nb5 e5 12. Re1 a6 13. Na3 f5 14. d3 h6 15. Nc2 Qc7 16. b4 Nd8 17. a4 Nf7 18. b5 Bd7 19. Ncxd4 exd4 20. Rxe7 axb5 21. axb5 Rae8 22. Rxe8 Rxe8 23. Bxd4 Bxd4 24. Nxd4 Qc5 25. Nb3 Qc7 26. Qd2 Kh7 27. Re1 Ng5 28. Rxe8 Bxe8 29. Qf4 Qe7 30. Qe3 Qb4 31. Qxe8 Qxb3 32. Qd7+ Kh8 33. Qc8+ Kh7 34. Qxb7+ Kh8 35. Qc8+ Kh7 36. Qd7+ Kh8 37. Qe8+ Kh7 38. Qe7+ Kh8 39. Qe5+ Kh7 40. Qe2 Qb1+ 41. Bf1 Nh3+ 42. Kg2 Ng5 43. h4 Nf7 44. Qe7 Kg7 45. d4 f4 46. c5 f3+ 47. Kg1 Kg8 48. Qe8+ Kg7 49. b6 g5 50. hxg5 Nxg5 51. Qe5+ Kg8 52. Qf5 Kg7 53. Qf4 Nh3+ 54. Kh2 Nxf4 55. gxf4 Qb2 56. Kg3 Qxd4 57. b7 Qd8 58. c6 Qc7 59. Bd3 Kf6 60. Be4 Ke7 61. Bxf3 Kd6 62. Be4 Qb8 63. f3 Kc7 64. f5 Qf8 65. Kf4 Qf6 66. Ke3 h5 67. Kf2 h4 68. Kg2 Qg5+ 69. Kf2 h3 70. f6 Qxf6 71. Kg3 Qh6 72. Kh2 Qh4 73. Bd5 Qh5 74. Be4 Qh6 75. Bd5 Qd6+ 76. Kxh3 Qxd5 0-1

[Event "Titled Tuesday intern op 20th Aug Early"]
[Site "Chess.com INT"]
[Date "2024.08.20"]
[Round "6"]
[White "Iljin, Timofey"]
[Black "Fudalej, Michal"]
[Result "1-0"]
[WhiteElo "2253"]
[BlackElo "2188"]
[PlyCount "69"]
[EventDate "2024.08.20"]
[EventType "swiss (blitz)"]
[EventRounds "11"]
[EventCountry "USA"]
[SourceTitle "EXT 2025"]
[Source "ChessBase"]
[SourceDate "2024.10.14"]
[SourceVersion "1"]
[SourceVersionDate "2024.10.14"]
[SourceQuality "1"]

1. e4 c6 2. d4 d5 3. e5 g6 4. h4 Nh6 5. h5 Bg7 6. Be2 c5 7. c3 Nc6 8. Bf4 cxd4 9. cxd4 Qb6 10. Nc3 Be6 11. Nf3 Qxb2 12. Nb5 Rc8 13. Rb1 Qxa2 14. Qc1 Nxd4 15. Nfxd4 Rxc1+ 16. Rxc1 Qa5+ 17. Bd2 Qb6 18. hxg6 hxg6 19. Nxe6 fxe6 20. Rc8+ Kd7 21. Rxh8 Bxh8 22. Rxh6 Bxe5 23. Rxg6 a6 24. f4 Bf6 25. Rxf6 exf6 26. Nc3 Qb3 27. Kf2 b5 28. g4 b4 29. Nd1 a5 30. g5 fxg5 31. fxg5 Qc2 32. Ke3 Qe4+ 33. Kf2 b3 34. Nb2 Qc2 35. Bb5+ 1-0

[Event "Titled Tuesday intern op 06th Aug Early"]
[Site "Chess.com INT"]
[Date "2024.08.06"]
[Round "2"]
[White "Shuvalova, Polina"]
[Black "Fudalej, Michal"]
[Result "1-0"]
[WhiteElo "2487"]
[BlackElo "2188"]
[PlyCount "73"]
[EventDate "2024.08.06"]
[EventType "swiss (blitz)"]
[EventRounds "11"]
[EventCountry "USA"]
[SourceTitle "EXT 2025"]
[Source "ChessBase"]
[SourceDate "2024.10.14"]
[SourceVersion "1"]
[SourceVersionDate "2024.10.14"]
[SourceQuality "1"]

1. d4 Nf6 2. Nf3 g6 3. g3 Bg7 4. Bg2 d6 5. 0-0 c6 6. Re1 0-0 7. e4 Re8 8. Nc3 Qc7 9. e5 dxe5 10. dxe5 Rd8 11. Qe2 Nd5 12. Nxd5 cxd5 13. Bf4 e6 14. c3 b6 15. h4 Ba6 16. Qe3 Nc6 17. h5 Ne7 18. g4 Qc5 19. Nd4 Rac8 20. Bg5 Rd7 21. h6 Bh8 22. Qf4 Nc6 23. Bf6 Bxf6 24. Qxf6 Qf8 25. g5 Nxd4 26. cxd4 Rdc7 27. Bh3 Bd3 28. Re3 Be4 29. Rae1 Rc1 30. Kh2 Rxe1 31. Rxe1 Rc2 32. Re3 Bf5 33. Kg2 Bxh3+ 34. Rxh3 Rxb2 35. Rc3 Rd2 36. Rc8 Rxf2+ 37. Kxf2 1-0

[Event "Titled Tuesday intern op 23rd Jul Early"]
[Site "Chess.com INT"]
[Date "2024.07.23"]
[Round "4"]
[White "Fudalej, Michal"]
[Black "Reprintsev, Alexander"]
[Result "0-1"]
[WhiteElo "2188"]
[BlackElo "2230"]
[PlyCount "140"]
[EventDate "2024.07.23"]
[EventType "swiss (blitz)"]
[EventRounds "11"]
[EventCountry "USA"]
[SourceTitle "EXT 2025"]
[Source "ChessBase"]
[SourceDate "2024.10.14"]
[SourceVersion "1"]
[SourceVersionDate "2024.10.14"]
[SourceQuality "1"]

1. Nf3 d5 2. g3 Nc6 3. Bg2 e5 4. d3 Bg4 5. c3 Qd7 6. h3 Bf5 7. Nbd2 h5 8. e4 dxe4 9. dxe4 Bg6 10. Qe2 0-0-0 11. Nc4 f6 12. 0-0 Qd3 13. Qxd3 Rxd3 14. Ne1 Rd1 15. Nc2 Rxf1+ 16. Kxf1 Bf7 17. N2e3 g6 18. Nd5 Nce7 19. Nce3 c6 20. Nb4 Kc7 21. a4 Nc8 22. a5 a6 23. Nd3 Nd6 24. f4 exf4 25. gxf4 Nc4 26. Ke2 Ne7 27. Ra4 Nxe3 28. Bxe3 Nc8 29. Bd4 Be7 30. Bf3 Re8 31. Kf2 Bb3 32. Ra1 Bc4 33. Nc5 Nd6 34. Rg1 Bf7 35. b3 Nb5 36. Ke3 Nxd4 37. cxd4 g5 38. fxg5 fxg5 39. b4 Rh8 40. Kd3 Bg6 41. Be2 Kc8 42. Rf1 Rf8 43. Rxf8+ Bxf8 44. Ne6 Be7 45. Ke3 Kd7 46. Ng7 h4 47. Bg4+ Kc7 48. d5 cxd5 49. exd5 Bxb4 50. Ne6+ Kd6 51. Nxg5 Kxd5 52. Bf3+ Kc4 53. Bxb7 Kb5 54. Nf3 Be7 55. Kf4 Kxa5 56. Kg4 Kb6 57. Bd5 Be8 58. Nxh4 Bd7+ 59. Nf5 a5 60. h4 a4 61. h5 Kc5 62. Ba2 Bf6 63. h6 a3 64. h7 Bc6 65. Kf4 Bd5 66. Bb1 a2 67. Bxa2 Bxa2 68. Ng3 Kd6 69. Kf5 Be5 70. Ne4+ Ke7 0-1

[Event "Titled Tuesday intern op 25th Jun Early"]
[Site "Chess.com INT"]
[Date "2024.06.25"]
[Round "3"]
[White "Fieberg, Samuel"]
[Black "Fudalej, Michal"]
[Result "1-0"]
[WhiteElo "2157"]
[BlackElo "2188"]
[PlyCount "83"]
[EventDate "2024.06.25"]
[EventType "swiss (blitz)"]
[EventRounds "11"]
[EventCountry "USA"]
[SourceTitle "EXT 2025"]
[Source "ChessBase"]
[SourceDate "2024.10.14"]
[SourceVersion "1"]
[SourceVersionDate "2024.10.14"]
[SourceQuality "1"]

1. e4 c6 2. Ke2 d5 3. d3 e5 4. c4 Nf6 5. f3 Be6 6. Nc3 dxc4 7. dxc4 Bxc4+ 8. Ke1 Qxd1+ 9. Nxd1 Bb4+ 10. Kf2 Be6 11. Be3 Nbd7 12. a3 Be7 13. h4 0-0 14. Nh3 h6 15. g4 Rfd8 16. g5 hxg5 17. Nxg5 Nf8 18. h5 N6h7 19. Nxe6 Nxe6 20. Bc4 Nd4 21. Rc1 Bg5 22. Rg1 Bxe3+ 23. Nxe3 Kf8 24. h6 g6 25. Ng4 Re8 26. Rgd1 Rad8 27. Ne3 Ke7 28. b4 Ng5 29. b5 Ndxf3 30. bxc6 bxc6 31. Ng4 f6 32. h7 Nd4 33. Bg8 Rxg8 34. hxg8Q Rxg8 35. Rb1 Nge6 36. Rb7+ Kd6 37. Rxa7 f5 38. Ne3 Rh8 39. Nc4+ Kc5 40. Nxe5 Rh2+ 41. Kg3 Re2 42. Ra5+ 1-0

[Event "Titled Tuesday intern op 28th May Early"]
[Site "Chess.com INT"]
[Date "2024.05.28"]
[Round "2"]
[White "Huschenbeth, Niclas"]
[Black "Fudalej, Michal"]
[Result "1-0"]
[WhiteElo "2607"]
[BlackElo "2188"]
[PlyCount "51"]
[EventDate "2024.05.28"]
[EventType "swiss (blitz)"]
[EventRounds "11"]
[EventCountry "USA"]
[SourceTitle "EXT 2025"]
[Source "ChessBase"]
[SourceDate "2024.10.14"]
[SourceVersion "1"]
[SourceVersionDate "2024.10.14"]
[SourceQuality "1"]

1. e4 c6 2. d4 d5 3. Nc3 g6 4. e5 Bg7 5. f4 Nh6 6. Be3 0-0 7. Nf3 f6 8. Bd3 Bg4 9. exf6 exf6 10. h3 Bxf3 11. Qxf3 f5 12. 0-0-0 Nd7 13. g4 b5 14. Kb1 Nb6 15. b3 a5 16. Ne2 Qd7 17. Rdg1 b4 18. Ng3 fxg4 19. hxg4 Qxg4 20. Qf2 Qe6 21. f5 Nxf5 22. Nxf5 gxf5 23. Qh4 Qxe3 24. Qxh7+ Kf7 25. Qxg7+ Ke8 26. Re1 1-0

[Event "Titled Tuesday intern op 14th May Early"]
[Site "Chess.com INT"]
[Date "2024.05.14"]
[Round "4"]
[White "Fudalej, Michal"]
[Black "Fisabilillah, Ummi"]
[Result "0-1"]
[WhiteElo "2188"]
[BlackElo "2193"]
[PlyCount "72"]
[EventDate "2024.05.14"]
[EventType "swiss (blitz)"]
[EventRounds "11"]
[EventCountry "USA"]
[SourceTitle "EXT 2025"]
[Source "ChessBase"]
[SourceDate "2024.10.14"]
[SourceVersion "1"]
[SourceVersionDate "2024.10.14"]
[SourceQuality "1"]

1. Nf3 d5 2. g3 c6 3. Bg2 Bg4 4. b3 Nd7 5. Bb2 Ngf6 6. 0-0 e6 7. d3 Bd6 8. Nbd2 0-0 9. e4 e5 10. Re1 Re8 11. Nf1 Bb4 12. c3 Bd6 13. Ne3 Bh5 14. Qc2 Qc7 15. Nf5 Bf8 16. c4 d4 17. a3 a5 18. Bc1 h6 19. Bd2 c5 20. Kh1 Nb8 21. Ng1 Nc6 22. h3 Bg6 23. Nh4 Bh7 24. f4 Nh5 25. Ne2 Be7 26. Nf5 Bxf5 27. exf5 Bd6 28. g4 Nxf4 29. Nxf4 exf4 30. Be4 Ne5 31. Rf1 Nd7 32. Rf2 Nf6 33. Bg2 Re7 34. Raf1 Re3 35. Bc1 Rae8 36. Kh2 f3+ 0-1

[Event "Titled Tuesday intern op 14th May Early"]
[Site "Chess.com INT"]
[Date "2024.05.14"]
[Round "2"]
[White "Martinez Pla, Xavier"]
[Black "Fudalej, Michal"]
[Result "0-1"]
[WhiteElo "2261"]
[BlackElo "2188"]
[PlyCount "160"]
[EventDate "2024.05.14"]
[EventType "swiss (blitz)"]
[EventRounds "11"]
[EventCountry "USA"]
[SourceTitle "EXT 2025"]
[Source "ChessBase"]
[SourceDate "2024.10.14"]
[SourceVersion "1"]
[SourceVersionDate "2024.10.14"]
[SourceQuality "1"]

1. e4 c6 2. d4 d5 3. e5 g6 4. Bd3 Bg7 5. Nd2 Nh6 6. Ne2 f6 7. exf6 exf6 8. 0-0 0-0 9. h3 Re8 10. Nf3 Nd7 11. c4 Nb6 12. b3 Be6 13. Qc2 Qd7 14. a4 a5 15. Nf4 Bf5 16. Bd2 Bxd3 17. Nxd3 Nf5 18. g4 Nxd4 19. Nxd4 dxc4 20. Nc5 Qxd4 21. Be3 Rxe3 22. fxe3 Qxc5 23. Rfe1 Re8 24. Kf2 f5 25. Rad1 f4 26. Re2 fxe3+ 27. Kg1 Qe5 28. bxc4 Qg3+ 29. Rg2 Qxh3 30. Qe2 c5 31. Rd6 Nc8 32. Rd7 Bd4 33. Rh2 Qg3+ 34. Rg2 Qf4 35. Rxb7 Rf8 36. Rb1 Nd6 37. Rf1 Qxf1+ 38. Qxf1 Rxf1+ 39. Kxf1 Nxc4 40. Ke2 Ne5 41. Rg1 Kf7 42. Rb1 Nxg4 43. Rb5 Bc3 44. Rxc5 Bd2 45. Rc4 Nf6 46. Rc5 h5 47. Rc8 Ke6 48. Rc7 Kf5 49. Rc6 h4 50. Rc5+ Kf4 51. Rc4+ Ne4 52. Kd3 g5 53. Rxe4+ Kf3 54. Re8 h3 55. Rf8+ Kg2 56. Rg8 h2 57. Rxg5+ Kf2 58. Rh5 Kg1 59. Rg5+ Kf1 60. Rf5+ Kg1 61. Rg5+ Kf1 62. Rf5+ Kg2 63. Rg5+ Kh3 64. Rh5+ Kg3 65. Ke2 Bc1 66. Rh8 Bd2 67. Rg8+ Kh3 68. Rh8+ Kg3 69. Rh7 Kg2 70. Rg7+ Kh3 71. Rh7+ Kg3 72. Rg7+ Kh3 73. Rh7+ Kg3 74. Kf1 Bc1 75. Rh8 Bb2 76. Rh6 Be5 77. Rh5 Bf4 78. Rh7 Kf3 79. Rh3+ Bg3 80. Rh7 e2# 0-1

[Event "Titled Tuesday intern op 23rd Apr Early"]
[Site "Chess.com INT"]
[Date "2024.04.23"]
[Round "1"]
[White "Fudalej, Michal"]
[Black "Laddha, Shubh Jayesh"]
[Result "1/2-1/2"]
[WhiteElo "2188"]
[BlackElo "2324"]
[PlyCount "116"]
[EventDate "2024.04.23"]
[EventType "swiss (blitz)"]
[EventRounds "11"]
[EventCountry "USA"]
[SourceTitle "EXT 2025"]
[Source "ChessBase"]
[SourceDate "2024.10.14"]
[SourceVersion "1"]
[SourceVersionDate "2024.10.14"]
[SourceQuality "1"]

1. Nf3 Nf6 2. g3 b6 3. Bg2 Bb7 4. c4 g6 5. b3 Bg7 6. Bb2 0-0 7. 0-0 c5 8. e3 e6 9. Nc3 Nc6 10. d4 d5 11. dxc5 bxc5 12. cxd5 exd5 13. Qe2 Re8 14. Rfd1 d4 15. Qb5 Qe7 16. exd4 cxd4 17. Nxd4 Nxd4 18. Qxb7 Qxb7 19. Bxb7 Rad8 20. Kf1 h5 21. Nd5 Nxd5 22. Bxd4 Nc3 23. Bxc3 Bxc3 24. Rxd8 Rxd8 25. Rc1 Ba5 26. Rc2 Bb6 27. Bf3 Kg7 28. Be2 Kf6 29. Bc4 Rd7 30. a3 Kg5 31. Kg2 Kf6 32. Re2 Kg7 33. h3 Kf6 34. Kf3 Kg7 35. b4 Kf6 36. a4 Rd4 37. Rc2 g5 38. a5 Bd8 39. Ke3 Rd6 40. Rd2 Rxd2 41. Kxd2 Be7 42. Kc3 g4 43. hxg4 hxg4 44. Bd3 Ke5 45. Kc4 f5 46. b5 Bd6 47. b6 axb6 48. axb6 f4 49. Kb5 fxg3 50. fxg3 Kd4 51. Bf5 Ke3 52. Bxg4 Bxg3 53. Bd7 Bh2 54. Kc6 Bg3 55. Kb7 Bh2 56. Kc8 Bg3 57. b7 Bh2 58. b8Q Bxb8 1/2-1/2

[Event "Titled Tuesday intern op 16th Apr Early"]
[Site "Chess.com INT"]
[Date "2024.04.16"]
[Round "1"]
[White "Fudalej, Michal"]
[Black "Velikanov, Alexander"]
[Result "1-0"]
[WhiteElo "2188"]
[BlackElo "2387"]
[PlyCount "81"]
[EventDate "2024.04.16"]
[EventType "swiss (blitz)"]
[EventRounds "11"]
[EventCountry "USA"]
[SourceTitle "CBM 219 Extra"]
[Source "ChessBase"]
[SourceDate "2024.05.31"]
[SourceVersion "1"]
[SourceVersionDate "2024.05.31"]
[SourceQuality "1"]

1. Nf3 d5 2. g3 c6 3. Bg2 Bf5 4. b3 h6 5. Bb2 e6 6. 0-0 Nf6 7. d3 Nbd7 8. Nbd2 Bh7 9. Qe1 Be7 10. e4 0-0 11. Qe2 a5 12. a3 Qb6 13. Kh1 a4 14. b4 c5 15. c3 Rfc8 16. Rab1 c4 17. dxc4 dxe4 18. Nd4 e3 19. Qxe3 Bxb1 20. Rxb1 e5 21. c5 exd4 22. Qxe7 Qc7 23. Nc4 dxc3 24. Bxc3 Re8 25. Qd6 Qc8 26. Rd1 Ra6 27. Qf4 Rae6 28. Nd6 Rxd6 29. Qxd6 Re2 30. Bh3 Qe8 31. Bxd7 Qe4+ 32. Kg1 Rxf2 33. Kxf2 Qc2+ 34. Ke1 Ne4 35. Bd2 Nxd6 36. cxd6 Qe4+ 37. Kf1 Qh1+ 38. Ke2 Qe4+ 39. Be3 Qg2+ 40. Kd3 Qd5+ 41. Ke2 1-0

[Event "Titled Tuesday intern op 02nd Apr Early"]
[Site "Chess.com INT"]
[Date "2024.04.02"]
[Round "4"]
[White "Fudalej, Michal"]
[Black "Mirza, Diana"]
[Result "1-0"]
[WhiteElo "2188"]
[BlackElo "1956"]
[PlyCount "81"]
[EventDate "2024.04.02"]
[EventType "swiss (blitz)"]
[EventRounds "11"]
[EventCountry "USA"]
[SourceTitle "CBM 219 Extra"]
[Source "ChessBase"]
[SourceDate "2024.05.31"]
[SourceVersion "1"]
[SourceVersionDate "2024.05.31"]
[SourceQuality "1"]

1. Nf3 d5 2. g3 c6 3. Bg2 g6 4. d3 Bg7 5. 0-0 e5 6. Nbd2 Ne7 7. e4 d4 8. a4 0-0 9. h3 f5 10. Re1 Be6 11. exf5 gxf5 12. Nxe5 Bd5 13. Ndf3 Ng6 14. Bg5 Qb6 15. Qc1 Nxe5 16. Nxe5 Bxg2 17. Kxg2 c5 18. a5 Qd6 19. Bf4 Qd5+ 20. Kh2 Nc6 21. Nxc6 bxc6 22. Re7 Rfe8 23. Qe1 Rxe7 24. Qxe7 Qf3 25. Kg1 a6 26. Re1 Rf8 27. Qd7 Rf7 28. Re8+ Bf8 29. Qe6 Qh5 30. Bd6 Kg7 31. Qe5+ Kg8 32. Qxc5 Qh6 33. Bxf8 Rxf8 34. Rxf8+ Qxf8 35. Qxf8+ Kxf8 36. Kg2 Ke7 37. Kf3 Kd6 38. Kf4 Kc5 39. Kxf5 Kb5 40. Ke5 Kxa5 41. Kxd4 1-0

[Event "Titled Tuesday intern op 02nd Apr Early"]
[Site "Chess.com INT"]
[Date "2024.04.02"]
[Round "6"]
[White "Fudalej, Michal"]
[Black "Warsia, Khusbu"]
[Result "1-0"]
[WhiteElo "2188"]
[BlackElo "1861"]
[PlyCount "29"]
[EventDate "2024.04.02"]
[EventType "swiss (blitz)"]
[EventRounds "11"]
[EventCountry "USA"]
[SourceTitle "CBM 219 Extra"]
[Source "ChessBase"]
[SourceDate "2024.05.31"]
[SourceVersion "1"]
[SourceVersionDate "2024.05.31"]
[SourceQuality "1"]

1. Nf3 Nc6 2. d4 e6 3. c4 d5 4. Nc3 Bb4 5. Bd2 Nf6 6. e3 0-0 7. Rc1 a5 8. Bd3 dxc4 9. Bxc4 Ne7 10. Qe2 c6 11. 0-0 b5 12. Bd3 Bb7 13. e4 Ng6 14. Rfd1 Qc7 15. Bb1 1-0

[Event "Titled Tuesday intern op 02nd Apr Early"]
[Site "Chess.com INT"]
[Date "2024.04.02"]
[Round "8"]
[White "Mizzi, Jack"]
[Black "Fudalej, Michal"]
[Result "1-0"]
[WhiteElo "2051"]
[BlackElo "2188"]
[PlyCount "59"]
[EventDate "2024.04.02"]
[EventType "swiss (blitz)"]
[EventRounds "11"]
[EventCountry "USA"]
[SourceTitle "CBM 219 Extra"]
[Source "ChessBase"]
[SourceDate "2024.05.31"]
[SourceVersion "1"]
[SourceVersionDate "2024.05.31"]
[SourceQuality "1"]

1. d4 Nf6 2. c4 g6 3. g3 Bg7 4. Bg2 d6 5. Nf3 0-0 6. 0-0 c6 7. Nc3 Qa5 8. e4 e5 9. d5 cxd5 10. cxd5 b5 11. Nd2 b4 12. Ne2 Nbd7 13. Nc4 Qc7 14. b3 a5 15. f3 Ba6 16. Ne3 Rac8 17. Bd2 Qb6 18. Kh1 Rc7 19. Rc1 Rfc8 20. f4 Bd3 21. fxe5 Nxe5 22. Nf4 Nxe4 23. Rxc7 Rxc7 24. Nxd3 Nxd2 25. Qxd2 Nxd3 26. Nc4 Qd4 27. Qe2 Rxc4 28. Qe8+ Bf8 29. Qxf7+ Kh8 30. Qxf8# 1-0

[Event "Titled Tuesday intern op 05th Mar Early"]
[Site "Chess.com INT"]
[Date "2024.03.05"]
[Round "2"]
[White "Droin, Augustin"]
[Black "Fudalej, Michal"]
[Result "1-0"]
[WhiteElo "2478"]
[BlackElo "2188"]
[PlyCount "59"]
[EventDate "2024.03.05"]
[EventType "swiss (blitz)"]
[EventRounds "11"]
[EventCountry "USA"]
[SourceTitle "EXT 2025"]
[Source "ChessBase"]
[SourceDate "2024.10.14"]
[SourceVersion "1"]
[SourceVersionDate "2024.10.14"]
[SourceQuality "1"]

1. e4 c6 2. Nf3 d5 3. e5 g6 4. d4 Bg7 5. h3 Nh6 6. c4 0-0 7. Nc3 Be6 8. cxd5 Bxd5 9. Nxd5 cxd5 10. Bd3 Nc6 11. 0-0 f6 12. exf6 exf6 13. Qb3 Qd7 14. Re1 Rfe8 15. Bd2 Nf7 16. Bc3 f5 17. Qa4 h6 18. b4 a6 19. b5 axb5 20. Qxb5 Ng5 21. Nxg5 hxg5 22. a4 Kh7 23. Rab1 Rad8 24. Rxe8 Rxe8 25. Qxb7 Qd6 26. Rb6 Rb8 27. Rxc6 Rxb7 28. Rxd6 Rb3 29. Rc6 Ra3 30. a5 1-0

[Event "Titled Tuesday intern op 27th Feb Early"]
[Site "Chess.com INT"]
[Date "2024.02.27"]
[Round "5"]
[White "Fudalej, Michal"]
[Black "Ziatdinov, Raset"]
[Result "1-0"]
[WhiteElo "2188"]
[BlackElo "2093"]
[PlyCount "77"]
[EventDate "2024.02.27"]
[EventType "swiss (blitz)"]
[EventRounds "11"]
[EventCountry "USA"]
[SourceTitle "EXT 2025"]
[Source "ChessBase"]
[SourceDate "2024.10.14"]
[SourceVersion "1"]
[SourceVersionDate "2024.10.14"]
[SourceQuality "1"]

1. Nf3 Nf6 2. g3 g6 3. Bg2 Bg7 4. c4 0-0 5. Nc3 d6 6. 0-0 Nc6 7. Rb1 e5 8. d3 Nh5 9. b4 f5 10. Qb3 f4 11. c5+ Kh8 12. cxd6 cxd6 13. b5 Ne7 14. Ng5 Qe8 15. Ne6 Bxe6 16. Qxe6 Rf6 17. Qb3 Rb8 18. Ne4 Rf8 19. Nxd6 Qd7 20. Nf7+ Kg8 21. Nh6+ Kh8 22. Nf7+ Rxf7 23. Qxf7 Rf8 24. Qb3 Nf5 25. Ba3 Re8 26. Qd5 Qc7 27. g4 Qa5 28. Bb4 Qb6 29. gxf5 gxf5 30. Qxb7 Qg6 31. Kh1 Bf6 32. Rg1 Qh6 33. Bf3 Ng7 34. Qf7 Rc8 35. Rbc1 Rd8 36. Rc6 Rg8 37. Rxf6 Qh4 38. Bf8 Nh5 39. Qxg8# 1-0

[Event "Titled Tuesday intern op 30th Jan Early"]
[Site "Chess.com INT"]
[Date "2024.01.30"]
[Round "1"]
[White "Fudalej, Michal"]
[Black "Kunal, M."]
[Result "0-1"]
[WhiteElo "2188"]
[BlackElo "2250"]
[PlyCount "82"]
[EventDate "2024.01.30"]
[EventType "swiss (blitz)"]
[EventRounds "11"]
[EventCountry "USA"]
[SourceTitle "EXT 2025"]
[Source "ChessBase"]
[SourceDate "2024.10.14"]
[SourceVersion "1"]
[SourceVersionDate "2024.10.14"]
[SourceQuality "1"]

1. Nf3 Nf6 2. g3 d5 3. Bg2 c6 4. b3 Bf5 5. Bb2 e6 6. d3 h6 7. Nbd2 Bh7 8. 0-0 Be7 9. Qe1 0-0 10. e4 c5 11. Ne5 Nc6 12. Nxc6 bxc6 13. e5 Nd7 14. Qe2 Nb6 15. a4 a5 16. Kh1 Rc8 17. f4 c4 18. dxc4 Bxc2 19. Rac1 Bh7 20. c5 Nd7 21. Bd4 Rb8 22. g4 Rb4 23. Qe3 Qa8 24. f5 Bg5 25. Qd3 f6 26. exf6 Nxf6 27. Bc3 Rxg4 28. Bh3 Bxf5 29. Rxf5 exf5 30. Bxg4 Nxg4 31. Qg3 Qd8 32. h3 Nf6 33. Rf1 Bxd2 34. Bxd2 Ne4 35. Qf4 Nxd2 36. Qxd2 Qh4 37. Kh2 f4 38. Qd3 Re8 39. Qf3 Re7 40. Qxf4 Re2+ 41. Kg1 Qxh3 0-1